00481nam a22001697a 4500999001700000003000400017005001700021008004100038020001800079040000900097082001500106100002200121245007400143260004700217300001000264942003700274 c41039d41039OSt20210303122250.0210301b ||||| |||| 00| 0 eng d a9788182676459 coclc a001bMAT/Y 97547aMathrubhumi aMathrubhumi Yearbook plus 2019 :bKnowledge And Beyond /cMathrubhumi aKozhikode:bThe Mathrubhumi Books, c2019. a1024p 2ddccREFh001iMAT/Yk001mMAT/Y